Report of the State Board of Geological Survey for the years 1891 and 1892 (Record no. 24418)

MARC details
000 -LEADER
fixed length control field 01395cam a22002531 4500
001 - CONTROL NUMBER
control field gs 06000373
003 - CONTROL NUMBER IDENTIFIER
control field DLC
005 - DATE AND TIME OF LATEST TRANSACTION
control field 20260227111303.0
008 - FIXED-LENGTH DATA ELEMENTS--GENERAL INFORMATION
fixed length control field 761213s1893 miu s001 0 eng c
010 ## - LIBRARY OF CONGRESS CONTROL NUMBER
LC control number gs 06000373
035 ## - SYSTEM CONTROL NUMBER
System control number (OCoLC)2617603
040 ## - CATALOGING SOURCE
Original cataloging agency U.S. Geol. Survey. Library
Transcribing agency MiMarqN
Modifying agency OCoLC
-- DLC
042 ## - AUTHENTICATION CODE
Authentication code premarc
050 00 - LIBRARY OF CONGRESS CALL NUMBER
Classification number QE125
Item number .A122
110 1# - MAIN ENTRY--CORPORATE NAME
Corporate name or jurisdiction name as entry element Michigan.
Subordinate unit Geological Survey.
245 10 - TITLE STATEMENT
Title Report of the State Board of Geological Survey for the years 1891 and 1892
Remainder of title to which are appended exhibits setting forth the expenses of the survey from its inception to November 22, 1892, exclusive of the cost of publication. Also the reports of Dr. Carl Rominger for the years 1881-2 and 1882-3; of Mr. Charles E. Wright for the years 1885-8; of Dr. M.E. Wadsworth for the years 1889, 1890, 1891, 1892, made to the State Board of Geological Survey for the years named: also a provisional report by Dr. M.E. Wadsworth, State Geologist, upon the geology of the iron, gold and copper districts of Michigan ...
260 ## - PUBLICATION, DISTRIBUTION, ETC.
Place of publication, distribution, etc. Lansing,
Name of publisher, distributor, etc. R. Smith & Co., State Printers,
Date of publication, distribution, etc. 1893.
300 ## - PHYSICAL DESCRIPTION
Extent 1 p. l., 192 p., 2 l.
Dimensions 23 cm.
650 #0 - SUBJECT ADDED ENTRY--TOPICAL TERM
Topical term or geographic name entry element Geology
Geographic subdivision Michigan.
650 #0 - SUBJECT ADDED ENTRY--TOPICAL TERM
Topical term or geographic name entry element Mines and mineral resources
Geographic subdivision Michigan.
700 1# - ADDED ENTRY--PERSONAL NAME
Personal name Rominger, Carl Ludwig,
Dates associated with a name 1820-1907.
700 1# - ADDED ENTRY--PERSONAL NAME
Personal name Wright, Charles E.,
Dates associated with a name 1843-1888.
700 1# - ADDED ENTRY--PERSONAL NAME
Personal name Wadsworth, M. Edward
Fuller form of name (Marshman Edward),
Dates associated with a name 1847-1921.

No items available.

Powered by Koha